Responses for Show #504 - Thursday, November 13, 1986

1986 Tournament of Champions quarterfinal game 4.

Contestants

[<< previous game]

Eric Schoeck, a radio talk show host from Santa Cruz, California

Harvey Becker, a writer from Venice, California

Gary Giardina, an opera singer from New York City, New York

[next game >>]

Jeopardy! Round responses

AGRICULTURE
GAME SHOWS
STARTS WITH "H"
FICTIONAL CHARACTERS
ROMAN EMPIRE
HAVE A CIGAR
    $100 7
Easter

Gary
    $100 12
The Dating Game

Gary
    $100 1
hotcakes

Gary
    $100 19
(Gary: Who is Hiawatha?)

Minnehaha

GaryHarvey
    $100 6
Colosseum

Gary
    $100 15
wooden Indian

Gary
    $200 8
boll weevil

Gary
    $200 13
Art Fleming

Gary
    $200 2
harems

Harvey
    $200 20
Scarlett O'Hara

Triple Stumper
    $200 24
aqueduct

Gary
    $200 16
What this country needs is a good 5-cent cigar

Harvey
    $300 9
China

Harvey
    $300 14
(Alex: This will be cruel of me, but I'm glad you didn't know that. It shows you're not watching that program. It's [*], by the way, which indicates that I watch it.)

25

Triple Stumper
    $300 3
hansom

Gary
    $300 21
The Little Mermaid

Triple Stumper
    $300 25
(Gary: What are public toilets?)
...
(Alex: I kind of like Gary's line for humor, though. You might remember that, Harvey, when you're writing.)

libraries

GaryHarvey
    $300 27
Edie Adams

Harvey
    $400 10
(Eric: What is spring?)

(following) summer

Eric
Triple Stumper
    $400 17
(Alex: I was a contestant on that one.)

Magnificent Marble Machine

Triple Stumper
    $400 4
Herbert Hoover

Gary
    $400 22
[There was audience laughter as once again no one rang in.]
(Harvey: It was too obvious.)
(Alex: Too obvious?)

Rebecca of Sunnybrook Farm

Triple Stumper
    $400 26
public bath

Triple Stumper
    $500 11
Utah

Gary
    $500 18
Take It or Leave It

Triple Stumper
    $500 5
howitzer

Eric
    $500 23
[The audience applauded a correct response at last in the category.]

tinker

Gary
    $400 28
(Harvey: Who is Sophocles?)
...
(Alex: A Funny Thing Happened on the Way to the Forum was based on the works of [*].)
[The end-of-round signal sounds.]

Plautus

Harvey

Scores at the first commercial break (after clue 13):

Gary Harvey Eric
$2,000 $500 $100

Scores at the end of the Jeopardy! Round:

Gary Harvey Eric
$2,400 $1,000 $100

Double Jeopardy! Round responses

FAMOUS FIRSTS
ISLANDS
ACTORS & ROLES
20th CENTURY
UNIVERSITIES
TRAINS
    $200 16
The Rolling Stones

Harvey
    $200 3
(Eric: What is New Zealand?)

Australia

GaryEric
    $200 6
The Dirty Dozen

Gary
    $200 1
New Orleans

Harvey
    $200 8
Hebrew

Harvey
    $400 17
Ozzie and Harriet Show

Gary
    $400 4
Iceland

Eric
    $400 7
Gregory Harrison

Harvey
    $400 2
22nd Amendment

Gary
    $400 9
Two

Eric
    $600 23
apple

Eric
    $600 18
Nantucket

Gary
    $600 13
Deborah Kerr

Triple Stumper
    $600 5
Tokyo harbor

Gary
    $600 10
(Harvey: What are agriculture and manufacturing?)
(Gary: What are agriculture and mining?)

agriculture and mechanical (arts)

GaryHarvey
Triple Stumper
    $500 24
(Eric: What are pharmaceutical drugs?)
...
(Alex: If you had thought of their initials. S&H.)

trading stamps

Eric
    $800 19
Victoria

Eric
    $800 14
Madeline Kahn

Harvey
    $800 21
Iran

Eric
    $600 11
(Alex: In Cincinnati and [*] University in Louisiana at New Orleans.)

Xavier

Eric
    $1000 25
[The end-of-round signal sounds.]

John F. Kennedy

Triple Stumper
    $1000 20
Sardinia

Triple Stumper
    $1000 15
(Gary: Who are the Bridges brothers?)

Michael York & Marty Feldman

Gary
Triple Stumper
    $1000 22
(Eric: Who are Eisenhower, Hoover and Kennedy?)
(Gary: Who was Eisenhower?)

(Mr. Sam) Rayburn

GaryEric
Triple Stumper
    $1000 12
Cornell

Harvey

Scores at the end of the Double Jeopardy! Round:

Gary Harvey Eric
$2,200 $3,200 $2,000

Final Jeopardy! Round responses

BUSINESS & INDUSTRY
EricWhat is McDonald's?
$1,900
GaryWhat is McDonald's?
$2,200
HarveyWhat is A T & T?
$1,300
McDonald's

Final scores:

Gary Harvey Eric
$4,400 $1,900 $3,900
Automatic semifinalist 3rd place: $1,000 if eliminated 2nd place: $1,000 if eliminated

Game dynamics:

Coryat scores:

Gary Harvey Eric
$2,200 $3,600 $2,700
18 R,
5 W
12 R,
2 W
(including 1 DD)
7 R
(including 1 DD),
4 W
(including 1 DD)

Combined Coryat: $8,500

[game clues] [game scores] [suggest correction]

Game tape date: 1986-10-28
The J! Archive is created by fans, for fans. Scraping, republication, monetization, and malicious use prohibited; this site may use cookies and collect identifying information. See terms. The Jeopardy! game show and all elements thereof, including but not limited to copyright and trademark thereto, are the property of Jeopardy Productions, Inc. and are protected under law. This website is not affiliated with, sponsored by, or operated by Jeopardy Productions, Inc. Join the discussion at JBoard.tv.